| 000 | 01644nam a2200421Ia 4500 | ||
|---|---|---|---|
| 001 | ebr10463941 | ||
| 003 | CaPaEBR | ||
| 006 | m u | ||
| 007 | cr cn||||||||| | ||
| 008 | 041123s2005 txua sb s001 0 eng d | ||
| 010 | _z 2004028032 | ||
| 020 | _z9781585444656 | ||
| 020 | _z1585444286 | ||
| 020 | _z1585444650 | ||
| 040 |
_aCaPaEBR _cCaPaEBR |
||
| 035 | _a(OCoLC)726829011 | ||
| 050 | 1 | 4 |
_aGN63 _b.B35 2005eb |
| 082 | 0 | 4 |
_a930.1 _222 |
| 100 | 1 | _aBaker, Brenda J. | |
| 245 | 1 | 4 |
_aThe osteology of infants and children _h[electronic resource] / _cBrenda J. Baker, Tosha L. Dupras, and Matthew W. Tocheri ; drawings by Sandra M. Wheeler. |
| 250 | _a1st ed. | ||
| 260 |
_aCollege Station : _bTexas A&M University Press, _cc2005. |
||
| 300 |
_axiii, 178 p. : _bill. |
||
| 490 | 1 |
_aTexas A & M University anthropology series ; _vno. 12 |
|
| 504 | _aIncludes bibliographical references (p. 173-174) and index. | ||
| 533 |
_aElectronic reproduction. _bPalo Alto, Calif. : _cebrary, _d2011. _nAvailable via World Wide Web. _nAccess may be limited to ebrary affiliated libraries. |
||
| 650 | 0 |
_aChildren _xPhysiology. |
|
| 650 | 0 |
_aInfants _xPhysiology. |
|
| 650 | 0 |
_aFetus _xPhysiology. |
|
| 650 | 0 |
_aHuman skeleton _vIdentification. |
|
| 650 | 0 | _aHuman remains (Archaeology) | |
| 655 | 7 |
_aElectronic books. _2local |
|
| 700 | 1 | _aDupras, Tosha L. | |
| 700 | 1 | _aTocheri, Matthew W. | |
| 710 | 2 | _aebrary, Inc. | |
| 830 | 0 |
_aTexas A & M University anthropology series ; _vno. 12. |
|
| 856 | 4 | 0 |
_uhttp://site.ebrary.com/lib/rucke/Doc?id=10463941 _zAn electronic book accessible through the World Wide Web; click to view |
| 999 |
_c231725 _d231725 |
||